Dynamická výroba Vytváření učící se organizace
Salvato in:
| Autore principale: | |
|---|---|
| Altri autori: | , , |
| Natura: | Libro |
| Lingua: | ceco |
| Pubblicazione: |
Praha
Victoria Publ.
1993
|
| Edizione: | 1. vyd. |
| Soggetti: | |
| Tags: |
Nessun Tag, puoi essere il primo ad aggiungerne!!
|
MARC
| LEADER | 00000nam a2200000 4500 | ||
|---|---|---|---|
| 001 | c002678 | ||
| 005 | 20221206075446.5 | ||
| 020 | |a 80-85605-20-1 | ||
| 041 | 0 | |a cze | |
| 044 | |a CZ | ||
| 245 | 1 | 0 | |a Dynamická výroba |b Vytváření učící se organizace |c Robert H. Hayes, Steven C. Wheelwright, Kim B. Clark ; [Z angl. prel.] Miloslav Šálek |
| 250 | |a 1. vyd. | ||
| 264 | 1 | |a Praha |b Victoria Publ. |c 1993 | |
| 300 | |a 369 s. | ||
| 610 | 2 | 0 | |a priemysel spracovateľský |
| 610 | 2 | 0 | |a výroba |
| 610 | 2 | 0 | |a podnikanie |
| 610 | 2 | 0 | |a veda |
| 610 | 2 | 0 | |a kapitál |
| 610 | 2 | 0 | |a investície |
| 610 | 2 | 0 | |a rozpočtovníctvo |
| 610 | 2 | 0 | |a organizácia výroby |
| 610 | 2 | 0 | |a výkonnosť |
| 610 | 2 | 0 | |a meranie produkcie |
| 610 | 2 | 0 | |a proces výrobný |
| 610 | 2 | 0 | |a manažment |
| 610 | 2 | 0 | |a vývoj výrobku |
| 610 | 2 | 0 | |a projekty |
| 100 | 1 | |a Hayes, Robert H. | |
| 700 | 1 | |a Wheelwright, Steven C. | |
| 700 | 1 | |a Clark, Kim B. | |
| 700 | 1 | |a Šálek, Miloslav | |